000 00650nas a2200217 4500
001 BR6008616
003 BR-BrBNA
005 20231205082111.0
007 ta
008 230509b bl.|||p| |||| 00| 00por d
040 _aBR-BrBNA
_bpor
_cBiblioteca Nacional de Agricultura
041 _a(Pt)
072 _aQ10
100 1 _aStolf, S.R.
245 1 _aMedicao da condutividade termica dos alimentos
650 _aALIMENTO
650 _aTEMPERATURA
773 0 _tBoletim do Instituto de Tecnologia de Alimentos (Brazil)
_xISSN 0366-0281
_g(Mar 1972), (no. 29) p. 67-80
_wBR6008616
909 _a202311
_bLúcia
_c55
_dLúcia Elande
942 _2AGRIS
_n0
_cANA
999 _c89155
_d89155